000 00710nam a2200205 4500
001 117451
003 ES-MaACL
005 20250728030709.0
007 t|
008 070214s1983 sp r ||||1| spa d
100 1 _aPeral Baeza, Gaspar.
_990353
245 1 3 _aUn rincón donde dormir
_b: (teatro) /
_cGaspar Peral Baeza.
260 _aAlicante :
_bCaja de Ahorros Provincial,
_c1983.
300 _a103 p. ;
_c22 cm.
490 1 _aPublicaciones de la caja de ahorros provincial
710 2 _aCaja de Ahorros Provincial de Alicante.
_92280
830 0 0 _aPublicaciones de la Caja de Ahorros Provincial de Alicante
_9186986
852 _aES-MaACL
_jL-4647
_bR.105473
999 _c117451
_d117451